<L'> Expansion

Guardado en:
Detalles Bibliográficos
Formato: Seriadas
Lenguaje:francés
Publicado: Paris Expansion Regionale 1977
Materias:
Etiquetas: Agregar Etiqueta
Sin Etiquetas, Sea el primero en etiquetar este registro!

MARC

LEADER 00000nas2a22000001 4500
001 0010883
005 20160720112018.9
022 |a 0014-4703 
041 0 |a fre 
044 |a FR 
245 1 0 |a <L'> Expansion 
264 1 |a Paris  |b Expansion Regionale  |c 1977 
300 |a 1 zv. 
773 0 |w eu_un_cat*0018883 
610 2 0 |a rozvoj hospodársky